| 000 | 01291cab a2200229 4500 | ||
|---|---|---|---|
| 001 | ABS68734 | ||
| 008 | 050225n2005 000 0 eng u | ||
| 035 | _a(Sirsi) u128888 | ||
| 100 | _aUlm, K. | ||
| 245 | _a3D city models from aerial imagery: integrating images and the landscape | ||
| 260 | _c2005 | ||
| 490 |
_aGeo Informatics _v(8) January/February 2005, 18-21(3) |
||
| 520 | _aInvestigates the world of large area 3D city models generated using photogrammetry or laser scanning, focusing in particular on the photo-realistic textured 3D city models created from aerial imagery by CyberCity AG through a semi-automatic procedure using in-house developed software modules called CC-Modeler. These city models are primarily used for applications in urban planning, architectural visualisation, real estate and tourism marketing and electronic entertainment. Looks also at ArcGIS (ESRI), which manages large 3D city model datasets and Map2day at a web-based GIS service with interaction between a 2D city map and 3D visualisation. Figures show CC-Modeler and other output. | ||
| 590 | _aABS | ||
| 650 | _aPHOTOGRAMMETRY | ||
| 650 | _aAERIAL PHOTOGRAPHY | ||
| 650 | _aAERIAL SURVEY | ||
| 650 | _aMAPPING | ||
| 650 | _a3D MODELLING | ||
| 690 |
_aGeomatics _96242 |
||
| 942 | _n0 | ||
| 999 |
_c74840 _d74840 |
||